Cuentos de los hermanos Grimm / (Registro nro. 12277)

Detalles MARC
000 -LIDER
fixed length control field 01356nam a2200409 4500
001 - NÚMERO DE CONTROL
Identificador de número de control 45124
003 - IDENTIFICACDOR DE NÚMERO DE CONTROL
control field DO-SdBPM
005 - DATE AND TIME OF LATEST TRANSACTION
control field 20250514130457.0
007 - CAMPOS FIJOS DE DESCRIPCIÓN FÍSICA
fixed length control field 45124
008 - ELEMENTOS DE LONGITUD FIJA
fixed length control field 160922b1998 sp| 00| 0 a spa d
020 ## - ISBN
International Standard Book Number 8424157702
040 ## - FUENTE DE CATALOGACIÓN
Agencia que crea de manera original el registro DO-SdBPM
Idioma de catalogación spa
Agencia que realiza la transcripción BPMSU
082 #4 - NÚMERO DE CLASIFICACIÓN DECIMAL DE DEWEY
Classification number 833.7
Item number G864c 1998
Edition number 22
100 1# - ASIENTO PRINCIPAL -- NOMBRE PERSONAL
Nombre personal Grimm, Jacob Ludwig Karl,
Títulos u otras palabras asociadas con el nombre 1785-1863.
245 10 - MENCIÓN DE TITULO
Título Cuentos de los hermanos Grimm /
Mención de responsabilidad Jacobo y Guillermo Grimm ; ilustración A. Archipowa
250 ## - MENCIÓN DE EDICION
Mención de edición 2a. ed.
260 ## - PUBLICACIÓN, DISTRIBUCIÓN, ETC. (PIE DE IMPRENTA)
Lugar de publicación, distribución, etc Barcelona :
Nombre del editor, distribuidor, etc. Everest,
Fecha de publicación, distribución, etc 1998
300 ## - DESCRIPCIÓN FÍSICA
Extensión v. ;
Dimensiones 27cm.
490 0# - MENCIÓN DE SERIES
Mención de serie Cascanueces
500 ## - NOTA GENERAL
Nota general
505 ## - NOTA DE CONTENIDO
Texto normalizado de contenido v. 2 : Caperucita roja -- La princesa y la rana La dama-- La dama de la nieve -- La bella durmiente -- El enano saltarín -- El gato con bota -- Blancanieves --La cenicienta -- Ruiponche -- Los siente cuervos.
590 ## - NOTA LOCAL
Texto de la nota local Inventariado, 2025/VM
650 #4 - ENCABEZAMIENTO DE MATERIA--TEMÁTICO
Término temático o nombre geográfico como elemento de entrada Cuentos infantiles alemanes
650 #4 - ENCABEZAMIENTO DE MATERIA--TEMÁTICO
Término temático o nombre geográfico como elemento de entrada Literatura juvenil alemana
650 #4 - ENCABEZAMIENTO DE MATERIA--TEMÁTICO
Término temático o nombre geográfico como elemento de entrada Cuentos juveniles alemanes
650 ## - ENCABEZAMIENTO DE MATERIA--TEMÁTICO
Término temático o nombre geográfico como elemento de entrada
650 ## - ENCABEZAMIENTO DE MATERIA--TEMÁTICO
Término temático o nombre geográfico como elemento de entrada
700 1# - ASIENTO SECUNDARIO -- NOMBRE PERSONAL
Nombre personal Archipowa, A.,
Mención de responsabilidad ilustración
740 ## - ASIENTO SECUNDARIO DE TÍTULOS RELACIONADOS O ANALÍTICOS NO CONTROLADOS
Título analítico o relacionado no controlado Caperucita roja
740 ## - ASIENTO SECUNDARIO DE TÍTULOS RELACIONADOS O ANALÍTICOS NO CONTROLADOS
Título analítico o relacionado no controlado La princesa y la rana La dama
740 ## - ASIENTO SECUNDARIO DE TÍTULOS RELACIONADOS O ANALÍTICOS NO CONTROLADOS
Título analítico o relacionado no controlado La Blancanieves
740 ## - ASIENTO SECUNDARIO DE TÍTULOS RELACIONADOS O ANALÍTICOS NO CONTROLADOS
Título analítico o relacionado no controlado La cenicienta
740 ## - ASIENTO SECUNDARIO DE TÍTULOS RELACIONADOS O ANALÍTICOS NO CONTROLADOS
Título analítico o relacionado no controlado Ruiponche
740 ## - ASIENTO SECUNDARIO DE TÍTULOS RELACIONADOS O ANALÍTICOS NO CONTROLADOS
Título analítico o relacionado no controlado Los siente cuervos.
910 ## - VALIDACIÓN
Validación VMateo V. Control de calidad. BPMSU
942 ## - ADDED ENTRY ELEMENTS (KOHA)
Source of classification or shelving scheme Dewey Decimal Classification
Koha item type Libros
Existencias
Withdrawn status Lost status Source of classification or shelving scheme Damaged status Not for loan Collection code Home library Current library Date acquired Source of acquisition Total Checkouts Full call number Barcode Date last seen Price effective from Koha item type
    Dewey Decimal Classification     Colección Infantil General Biblioteca Pública Metropolitana Salomé Ureña Biblioteca Pública Metropolitana Salomé Ureña 12/05/2016 COMPRA   BPMSU CJG 833.7 G864c 1998 BPMSU16120122 12/05/2016 12/05/2016 Libros